The economics of technological change / (Record no. 42549)
[ view plain ]
| 000 -LEADER | |
|---|---|
| fixed length control field | 00705nam a2200229 a 4500 |
| 001 - CONTROL NUMBER | |
| control field | 42549 |
| 003 - CONTROL NUMBER IDENTIFIER | |
| rucl marc code | BD-RjUL42667 |
| 005 - DATE AND TIME OF LATEST TRANSACTION | |
| control field | 20211209053546.0 |
| 008 - FIXED-LENGTH DATA ELEMENTS--GENERAL INFORMATION | |
| fixed length control field | 160613t19691968enka|||| |||| 001 0 eng d |
| 035 ## - SYSTEM CONTROL NUMBER | |
| System control number | (BD-RjUL)42667 |
| 040 ## - CATALOGING SOURCE | |
| Original cataloging agency | BD-RjUL |
| Language of cataloging | eng |
| Transcribing agency | BD-RjUL |
| 041 ## - LANGUAGE CODE | |
| Language code of text/sound track or separate title | eng |
| 082 ## - DEWEY DECIMAL CLASSIFICATION NUMBER | |
| Edition number | 23 |
| Classification number | 338.01 |
| Author mark and year | MAE 1969 |
| 100 10 - MAIN ENTRY--PERSONAL NAME | |
| Personal name | Mansfield, Edwin. |
| 9 (RLIN) | 130843 |
| 245 14 - TITLE STATEMENT | |
| Title | The economics of technological change / |
| Statement of responsibility, etc. | Edwin Mansfield |
| 260 ## - PUBLICATION, DISTRIBUTION, ETC. (IMPRINT) | |
| Place of publication, distribution, etc. | London : |
| Name of publisher, distributor, etc. | Loew & Brydone (Printers) ltd, |
| Date of publication, distribution, etc. | c1968 |
| 300 ## - PHYSICAL DESCRIPTION | |
| Pagination | x, 257p. : |
| Illustrations | ill. ; |
| Size | 25 cm. |
| 504 ## - BIBLIOGRAPHY, ETC. NOTE | |
| Bibliography, etc | Bibliography includes |
| 650 ## - SUBJECT ADDED ENTRY--TOPICAL TERM | |
| Topical term or geographic name as entry element | Technological innovations |
| Geographic subdivision | United States |
| 9 (RLIN) | 130916 |
| Topical term or geographic name as entry element | Research, Industrial |
| 9 (RLIN) | 130917 |
| 942 ## - ADDED ENTRY ELEMENTS (KOHA) | |
| Source of classification or shelving scheme | Dewey Decimal Classification |
| Koha item type | Books |
| Lost status | Source of classification or shelving scheme | Damaged status | Not for loan | Collection code | Permanent Location | Current Location | Shelving location | Date acquired | Source of acquisition | Cost, normal purchase price | Total Checkouts | Full call number | Date last seen | Copy number | Koha item type |
|---|---|---|---|---|---|---|---|---|---|---|---|---|---|---|---|
| Dewey Decimal Classification | Non-fiction | Central Library, University of Rajshahi | Central Library, University of Rajshahi | 17/02/1971 | Zeithinger | 50.00 | 338.01 MAE 1969 | 13/06/2016 | C-2 | Books | |||||
| Dewey Decimal Classification | Not For Loan | Non-fiction | Central Library, University of Rajshahi | Central Library, University of Rajshahi | Reading Room | 17/10/2024 | Registrar, R.U. | 338.01 MAE 1969 | 17/10/2024 | C-1 | Books |